00298nam a2200109Ia 4500008004100000041000800041082002700049100001400076245005200090260003700142300000900179230411s9999 xx 000 0 und d aeng aCH/610.7343/KAM/B04240 aKamalam S aEssentials in Community Health Nursing Practice bJaypee BrothersaNew Delhic2005 a744p